BIBLIOTHÈQUE DE LA MAISON DU MEXIQUE

Logo 1 Logo 2

El gobierno en la ciudad de México en el siglo XVI (notice nᵒ 9358)

détails MARC
000 -Sello discográfico
campo de control de longitud fija 01161nam a2200385 4500
005 - Identificación de versión
campo de control 20251016085157.0
010 ## - Número Estándar Internacional de Libros (ISBN)
Número (ISBN) 968-58-0348-X
035 ## - Otros números de control del sistema
Número de control del sistema 9768
099 ## - fechas locales
Tipo de ítem Koha LIBRO
100 ## - Datos de procesamiento general
Datos de procesamiento general 20030723d1982 m y1spay5003 ba
105 ## - Campo de datos codificados: Material textual, monográfico
Datos codificados de monografía a 001zy
200 1# - Título y mención de responsabilidad
Título propio El gobierno en la ciudad de México en el siglo XVI
Designación general del material texto impreso
Primer mención de responsabilidad Guillermo Porras Muñoz
205 ## - Declaración de edición
Declaración de edición 1a ed
210 ## - Publicación, distribución, etc.
Lugar de publicación, distribución, etc. México
Nombre del editor, distribuidor, etc. Universidad Nacional Autónoma de México, Instituto de Investigaciones Históricas
Fecha de publicación, distribución, etc. 1982
215 ## - Descripción física
Designación de material específico y extensión del ítem 810 p
Otras características físicas il.
Dimensiones 34 cm
300 ## - Notas generales
Texto de la nota Incluye índice de nombres
318 ## - Nota de acción
Acción No se presta a domicilio
345 ## - Nota de información de adquisición
Fuente de adquisición/dirección de la suscripción [OBSOLETO] Donación
410 #1 - Series
Título Serie de Historia Novohispana
Número de volumen 31
607 ## - Nombre geográfico utilizado como tema
Elemento de entrada Ciudad de México
Subdivisión temática Política y gobierno
Subdivisión cronológica Siglo XVI
Número Koha 15763
660 ## - Código de área geográfica
Código MX
700 ## - Nombre personal - Responsabilidad primaria
Elemento de entrada Porras Muñoz
Parte del nombre distinta del elemento de entrada Guillermo
Número Koha 1450
801 #0 - Fuente de origen
Agencia cm
900 ## -
-- 1/3939
900 ## -
-- 7100315686\230703
942 ## - ELEMENTOS DE ENTRADA SECUNDARIOS (KOHA)
Tipo de ítem Koha Livre
996 ## -
-- MEX
-- 751145101
-- MMAG
-- 006996
-- R972 P838G
-- 20221115LIV
Exemplaires
Estatus retirado Estado de daño Estado de pérdida Fecha de adquisición Biblioteca de origen Biblioteca actual Ubicación en estantería Código de barras Precio de reemplazo Signatura topográfica completa No para préstamo Tipo de ítem Koha Nota pública Nota no pública
      05/08/2025 Casa México Paris Casa México Paris   006996 05/08/2025 R972 P838G No se presta a domicilio Livre 20221115LIV 751145101